| 000 | 00790cab a2200229 4500 | ||
|---|---|---|---|
| 001 | ABS59781 | ||
| 008 | 090401t1998 xxu||||| |||| 00| 0 eng d | ||
| 035 | _a(Sirsi) u90218 | ||
| 041 | _aeng | ||
| 100 | _aNuthall, K. | ||
| 245 | _aTransport integration: counting in TENs | ||
| 260 | _c1998 | ||
| 350 | _a0 | ||
| 490 |
_aSurveyor _v3 December 1998, 19-20(2) |
||
| 520 | _aDiscusses the European Commission decision to shift the emphasis away from straight construction projects, so that road construction is focused on upgrading existing routes rather than building new ones. | ||
| 650 | _aEUROPEAN COMMISSION | ||
| 650 | _aROAD CONSTRUCTION | ||
| 650 | _aTRANS-EUROPEAN TRANSPORT NETWORK | ||
| 690 | _aBUILDING AND CONSTRUCTION-PROJECTS | ||
| 942 | _n0 | ||
| 948 | _c09/12/1998 | ||
| 999 |
_c57166 _d57166 |
||